000 00442 a2200157 4500
001 67288
020 _a859868712
040 _cAnchieta - Pituba
100 _aGarcia, Maurício
240 1 0 _aGestão profissional em instituições privadas de ensino superior
_lpor
245 1 0 _aGestão profissional em instituições privadas de ensino superior
300 _a204
362 0 _a2006
650 4 _a.Universidades particulares
942 _cBK
999 _c67288
_d67288